Plyniem ako rieka /
Na úpätí mohutných hôr Colorada preteká okolo mestečka Iola rieka Gunnison. V 40. rokoch 20. storočia tu ľudia žijú v izolácii pred okolitým svetom. Sedemnásťročná Victoria vedie po smrti matky domácnosť na rodinnej broskyňovej farme. Ale v deň, keď jej cestu skríži záhadný cudzinec, už nič nebude t...
Uloženo v:
| Hlavní autor: | |
|---|---|
| Médium: | E-kniha |
| Jazyk: | Czech |
| Vydáno: |
Praha :
Albatros Media Slovakia s.r.o.,
2024
|
| Tagy: |
Žádné tagy |
| LEADER | 01522nam a22002297i 4500 | ||
|---|---|---|---|
| 001 | 302660 | ||
| 007 | ta | ||
| 008 | 260514s2024 xr ||||| |||| 00| 0 cze d | ||
| 020 | |a 9788056637876 | ||
| 044 | |a xr | ||
| 100 | 1 | |a Readová, Shelley |4 aut | |
| 245 | 1 | 0 | |a Plyniem ako rieka / |c Readová, Shelley |
| 240 | 1 | 0 | |a Go As a River |
| 264 | 1 | |a Praha : |b Albatros Media Slovakia s.r.o., |c 2024 | |
| 300 | |a 1 online zdroj (336 stran) | ||
| 336 | |a text |b txt |2 rdacontent | ||
| 337 | |a bez média |b n |2 rdamedia | ||
| 338 | |a online zdroj |b cr |2 rdacarrier | ||
| 520 | 2 | |a Na úpätí mohutných hôr Colorada preteká okolo mestečka Iola rieka Gunnison. V 40. rokoch 20. storočia tu ľudia žijú v izolácii pred okolitým svetom. Sedemnásťročná Victoria vedie po smrti matky domácnosť na rodinnej broskyňovej farme. Ale v deň, keď jej cestu skríži záhadný cudzinec, už nič nebude také ako predtým. Victoria sa čoskoro musí vzdať všetkého, čo jej je blízke a drahé, a utiecť do divočiny. Tu zo všetkých síl bojuje o prežitie – svoje aj svojho nenarodeného dieťaťa. | |
| 910 | |a RBIT002 | ||
| 998 | |d 426842 |a https://core.palmknihy.cz/api/books/426842/cover?tesggs |b https://core.palmknihy.cz/api/books/426842/cover/400?tesggs |c https://core.palmknihy.cz/api/books/426842/cover/50?tesggs |e 2027-09-15 |g 336 |i 9788056637876 |j https://core.palmknihy.cz/api/books/426842/preview.epub |k https://core.palmknihy.cz/api/books/426842/preview.pdf |l |q 49 |r 1 |s https://www.palmknihy.cz/kniha/426842 |t ebook |y 2024 |z 1 | ||
| 999 | |d 302658 | ||